000 00363nam a2200145Ia 4500
008 231217s9999 xx 000 0 und d
041 _aEnglish
082 _a001.6425 AHO;1
100 _aAho, Alfred V. Ullman, Jefferey D.
245 0 _aPrinciples of compiler design
260 _c1993
_bNarosa
300 _a612
650 _aCompiler design
942 _cAA
999 _c162635
_d162635